000 00706cam a2200229 4500
001 WB3602-32
008 000000n2000 000 0 eng u
035 _a(Sirsi) u103479
245 _aRoad tolls
260 _c2000
490 _aIndependent
_v10 January 2000, 15(1)
520 _aResearch by the University of Warwick concludes that the introduction of road tolls would lead to huge economic benefits, cut business costs and even speed up commuting.
590 _aWB
650 _aROAD TOLLS
650 _aROAD PRICING
650 _aCOMMUTERS
650 _aTRANSPORT POLICY
650 _aTRAFFIC CONGESTION
650 _aECONOMICS
690 _aTRANSPORT AND COMMUNICATIONS
942 _n0
999 _c62173
_d62173